000 00624nam a2200193Ia 4500
001 14834
003 GE_BSU
008 181216s||||||||xx |||||||||||||| ||und||
040 _cGE_BSU
080 _a530+517(076.1)(075.8)
100 _aБицадзе,А.В. Калиниченко,Д.Ф.
245 _aСборник задач по уравнениям математической физики
260 _aМосква
260 _bНаука
260 _c1977
300 _a223стр.22см.
653 _aСборник задач по уравнениям математической физики
942 _cBK
999 _c47957
_d47957